000 00492nam a22001937a 4500
005 20250102122104.0
010 _aENG-139458
020 _c450.00
_a978190145749
035 _aEN-122990
037 _bDBAD/PUB
082 _aS
100 _aRoychoudhary Preeti
_975693
245 _aSoulcity:
_bInside-Stories From Calcutta/
260 _aCalcutta
_bCalcutta Art Studio
270 _bKolkata
300 _a64p.
_c24cm(pbk)
710 _eEditor
_959600
942 _2ddc
_cEN
_hS
_mRoy
_e2015
999 _c201125
_d201125